header

International petroleum encyclopedia (Record no. 223399)

MARC details
000 -LEADER
fixed length control field 01101nam a2200277Ia 4500
245 00 - TITLE STATEMENT
Title International petroleum encyclopedia
260 ## - PUBLICATION, DISTRIBUTION, ETC. (IMPRINT)
Place of publication Tulsa, OK :
Name of publisher PennWell Pub.,
Year of publication 2007.
300 ## - PHYSICAL DESCRIPTION
Number of Pages xviii, 484 p. :
Other physical details ill. (some col.), maps.
490 0# - SERIES STATEMENT
Series statement International petroleum encyclopedia ;
500 ## - GENERAL NOTE
General note Includes index.
650 #0 - SUBJECT ADDED ENTRY--TOPICAL TERM
Topical Term Petroleum industry and trade.
Topical Term Petroleum industry and trade
856 40 - ELECTRONIC LOCATION AND ACCESS
Uniform Resource Identifier http://site.ebrary.com/lib/rucke/Doc?id=10201496

No items available.

© 2026 Rongo University
Contact us: librarian | system librarian | Rongo university